header

Lives of spirit (Record no. 124684)

MARC details
000 -LEADER
fixed length control field 01723nam a2200409 a 4500
082 04 - DEWEY DECIMAL CLASSIFICATION NUMBER
Classification number 271/.971023210492
245 00 - TITLE STATEMENT
Title Lives of spirit
260 ## - PUBLICATION, DISTRIBUTION, ETC. (IMPRINT)
Place of publication Aldershot, England ;
-- Burlington, VT :
Name of publisher Ashgate,
Year of publication c2007.
300 ## - PHYSICAL DESCRIPTION
Number of Pages vii, 299 p.
490 1# - SERIES STATEMENT
Series statement The early modern Englishwoman, 1500-1750. Contemporary editions
650 #0 - SUBJECT ADDED ENTRY--TOPICAL TERM
Topical Term Monastic and religious life of women.
Topical Term Monasticism and religious orders for women
Topical Term Church history
Topical Term Church history
700 1# - ADDED ENTRY--PERSONAL NAME
Personal name Hallett, Nicky.
856 40 - ELECTRONIC LOCATION AND ACCESS
Uniform Resource Identifier http://site.ebrary.com/lib/rucke/Doc?id=10211159

No items available.

© 2026 Rongo University
Contact us: librarian | system librarian | Rongo university